Movies Quiz

Random Movies or Clickable Quiz

Quick Pick: R. Lee Ermey Films Quiz Stats

Quiz Updated Apr 15, 2018

Challenge
Share
Tweet
Embed
Score 0/12 Timer 01:30
35 Plays Today
% Correct
Texas
98.3%
Toy
98.1%
Metal
98.1%
Ground
97.7%
Leaving
97.7%
School's
97.4%
Troopers
97%
Apocalypse
96.7%
Insult
95.9%
Mississippi
95.9%
Silverman
92.4%
Fletch
91.5%

You're not logged in!

Compare scores with friends on all Sporcle quizzes.
Sign Up with Email
OR
Log In

You Might Also Like...

Show Comments

Extras

Top Quizzes Today


Score Distribution

Your Account Isn't Verified!

In order to create a playlist on Sporcle, you need to verify the email address you used during registration. Go to your Sporcle Settings to finish the process.

Report this User

Report this user for behavior that violates our Community Guidelines.

Details: